|
|
|
|
| LEADER |
02008nam a22004215i 4500 |
| 001 |
978-3-8349-8460-9 |
| 003 |
DE-He213 |
| 005 |
20151204182510.0 |
| 007 |
cr nn 008mamaa |
| 008 |
100301s2009 gw | s |||| 0|eng d |
| 020 |
|
|
|a 9783834984609
|9 978-3-8349-8460-9
|
| 024 |
7 |
|
|a 10.1007/978-3-8349-8460-9
|2 doi
|
| 040 |
|
|
|d GrThAP
|
| 050 |
|
4 |
|a HF5410-5417.5
|
| 072 |
|
7 |
|a KJS
|2 bicssc
|
| 072 |
|
7 |
|a KJSM
|2 bicssc
|
| 072 |
|
7 |
|a BUS043000
|2 bisacsh
|
| 082 |
0 |
4 |
|a 658.8
|2 23
|
| 100 |
1 |
|
|a Wiegandt, Philipp.
|e author.
|
| 245 |
1 |
0 |
|a Value Creation of Firm-Established Brand Communities
|h [electronic resource] /
|c by Philipp Wiegandt.
|
| 264 |
|
1 |
|a Wiesbaden :
|b Gabler,
|c 2009.
|
| 300 |
|
|
|a XVII, 211 p. 29 illus.
|b online resource.
|
| 336 |
|
|
|a text
|b txt
|2 rdacontent
|
| 337 |
|
|
|a computer
|b c
|2 rdamedia
|
| 338 |
|
|
|a online resource
|b cr
|2 rdacarrier
|
| 347 |
|
|
|a text file
|b PDF
|2 rda
|
| 505 |
0 |
|
|a Literature Review -- Derivation of Hypotheses -- Concept and Methodology of Empirical Analysis -- Summary and Outlook.
|
| 520 |
|
|
|a Firm-established brand communities enable companies to increase the brand loyalty and word-of-mouth communication of their customers. Furthermore they represent an adequate organisational form for companies to integrate consumers into their innovation processes. Philipp Wiegandt empirically analyzes the effects the creation of a firm-established brand community has on the brand loyalty and word-of-mouth communication of its members over time. He finds that establishing a firm-established brand community creates value for both – the company and their customers.
|
| 650 |
|
0 |
|a Business.
|
| 650 |
|
0 |
|a Marketing.
|
| 650 |
1 |
4 |
|a Business and Management.
|
| 650 |
2 |
4 |
|a Marketing.
|
| 710 |
2 |
|
|a SpringerLink (Online service)
|
| 773 |
0 |
|
|t Springer eBooks
|
| 776 |
0 |
8 |
|i Printed edition:
|z 9783834921239
|
| 856 |
4 |
0 |
|u http://dx.doi.org/10.1007/978-3-8349-8460-9
|z Full Text via HEAL-Link
|
| 912 |
|
|
|a ZDB-2-SBE
|
| 950 |
|
|
|a Business and Economics (Springer-11643)
|